01018nam a22002177a 4500001000400000003000600004005001700010008004100027020001800068040002900086050000800115082001100123100002000134245004100154300002100195490003000216505000600246520051400252521001800766521001600784254FISKH20240306160740.0230310b cb ||||| |||| 00| 0 eng d a9781408329498 aFISKHbengcFISKHdFISKH aPZ7 a823.92 aMeres, Jonathan aMay need rebooting /cJonathan Meres a295 pagesc20 cm aThe world of normvBook 2 aH aNorm knew it was going to be one of those days when he woke up and found himself in 18th century France...If only he hadn't fallen asleep in History! And if only he'd done his punishment exercise! And if only he could go biking instead of playing stupid football! Except Norm can't go biking. Why not? BECAUSE HIS BIKE'S BEEN STOLEN, THAT'S WHY! Nightmare? It's worse than that...IT'S AN ABSO-FLIPPING-LUTE DISASTER! An award-winning, laugh-out-loud series for fans of Diary of a Wimpy Kid and David Walliams.8 a470 bLexile8 aHbRaz-Plus